Cargando...

N.P.

Detalles Bibliográficos
Autor Principal: Yoshimoto,Banana
Outros autores: Ann,Sherif
Formato: Printed Book
Idioma:Undetermined
Publicado: London Faber and Faber 1990
Subjects:
LEADER 00519nam a2200169Ia 4500
008 140316s9999 xx 000 0 und d
020 |a 0571173705 
082 |a 824  |b YOS/NP 
100 |a Yoshimoto,Banana 
245 |a N.P. 
260 |a London  |b Faber and Faber  |c 1990 
300 |a 194 
650 |a Novel 
700 |a Ann,Sherif 
942 |2 ddc  |c BK 
999 |c 1641  |d 1641 
952 |0 0  |1 0  |2 ddc  |4 0  |6 824_000000000000000_YOSNP  |7 0  |9 1890  |a KAUCLV  |b KAUCLV  |c GENERAL  |d 2014-03-18  |l 2  |o 824 YOS/NP  |p 203503  |r 2019-06-21  |s 2019-04-29  |w 2014-03-18  |y BK